| 000 -CABECERA |
| Longitud fija campo de control |
00817nam a2200229 a 4500 |
| 001 - NÚMERO DE CONTROL |
| Número de control |
5567 |
| 003 - IDENTIFICADOR DEL NÚMERO DE CONTROL |
| Identificador del número de control |
CDMR |
| 005 - FECHA Y HORA DE LA ÚLTIMA TRANSACCIÓN |
| Fecha y hora de la última transacción |
20131203103509.0 |
| 008 - CÓDIGOS DE INFORMACIÓN DE LONGITUD FIJA |
| Códigos de información de longitud fija |
130130s1985||||||||||||||||||||||||||||d |
| 020 ## - NÚMERO INTERNACIONAL NORMALIZADO PARA LIBROS |
| Número Internacional Normalizado para Libros (ISBN) |
842521226X (o.c.) |
| 040 ## - FUENTE DE LA CATALOGACIÓN |
| Centro catalogador de origen |
CDMR |
| Lengua de catalogación |
cat |
| Centro transcriptor |
CDMR |
| 245 00 - MENCIÓN DE TÍTULO |
| Título |
Sociología de la comunicación de masas |
| Mención de responsabilidad, etc. |
M. de Moragas (ed.) |
| 260 ## - PUBLICACIÓN, DISTRIBUCIÓN, ETC. (PIE DE IMPRENTA) |
| Lugar de publicación, distribución, etc. |
Barcelona |
| Fecha de publicación, distribución, etc. |
1985 |
| Nombre del editor, distribuidor, etc. |
Gustavo Gili |
| 300 ## - DESCRIPCIÓN FÍSICA |
| Extensión |
4 v. |
| 490 0# - MENCIÓN DE SERIE |
| Mención de serie |
GG MassMedia |
| 505 ## - NOTA DE CONTENIDO CON FORMATO |
| Nota de contenido con formato |
Conté: I.- Escuelas y autores ; II.- Estructura, funciones y efectos ; III.- Propaganda política y opinión pública ; IV.- Nuevos problemas y transformación tecnológica |
| 650 04 - PUNTO DE ACCESO ADICIONAL DE MATERIA - TÉRMINO DE MATERIA |
| 9 (RLIN) |
1460 |
| Término de materia o nombre geográfico como elemento inicial |
Sociologia de la comunicació |
| 650 04 - PUNTO DE ACCESO ADICIONAL DE MATERIA - TÉRMINO DE MATERIA |
| 9 (RLIN) |
3284 |
| Término de materia o nombre geográfico como elemento inicial |
Comunicació |
| Subdivisión de materia general |
Investigació |
| 650 04 - PUNTO DE ACCESO ADICIONAL DE MATERIA - TÉRMINO DE MATERIA |
| 9 (RLIN) |
4172 |
| Término de materia o nombre geográfico como elemento inicial |
Societat de massa |
| 700 1# - PUNTO DE ACCESO ADICIONAL - NOMBRE DE PERSONA |
| 9 (RLIN) |
475 |
| Nombre de persona |
Moragas Spà, Miquel de |
| Término indicativo de función |
ed. |
| 942 ## - ENTRADA DE ELEMENTOS AGREGADOS (KOHA) |
| Koha [por defecto] tipo de item |
Monografies |
| Fuente de clasificaión o esquema |
|